000 01055nmm a2200313 a 4500
001 ocm000561851
003 TR-IsHL
005 20201028115620.0
008 130625s1995 tu tur
007 cr cn
020 _a9789757763123
035 _a561851
_b(N$T)
050 0 4 _aHD7801
_b.A47 1995
090 0 4 _aHD7801
_b.A47 1995
100 1 _aAlper, Yusuf
245 1 0 _aUluslararası çalışma örgütü ve uluslararası çalışma standartları
_h[electronic resource] /
_cYusuf Alper ; Pir Ali Kaya
250 _a1. bs.
260 _aBursa :
_bEzgi Kitabevi,
_c1995
300 _a201 p.
650 4 _aEkonomi ve Finans
650 4 _aEconomics and Finance
650 0 _aEkonomi ve Finans
650 0 _aEconomics and Finance
650 0 _aUluslararası Çalışma Örgütü
650 0 _aInternational Labour Organization (ILO)
650 7 _aBUSINESS & ECONOMICS / International / General
_2bisacsh
700 1 _aKaya, Pir Ali
856 4 0 _uhttp://search.ebscohost.com/login.aspx?direct=true&scope=site&db=e011xww&AN=561851
999 _c351
_d351